01003nab a22002417a 4500999001500000003000400015005001700019008004100036040000700077100002800084245009100112260007200203300001300275500003500288505009200323505009000415650002600505650002300531650001900554650003600573773013900609942001300748 c5321d5321OSt20250220092430.0190605e xxu||||| |||| 00| 0 spa d cPJ 94584aMansilla, Alberto10aDNU 731/2024 :blas propinas ya no son parte de la remuneración /cAlberto Mansilla. aCiudad Autónoma de Buenos Aires :bThomson Reuters La Ley,c2025. ap. 18-21 aCita Online: AR/DOC/2626/2024. aSumario: I. Su inconstitucionalidad.— II. La jurisprudencia.— III. El DNU 731/2024. t¿Te interesa el texto completo? Solicitalo al correo: koha@justierradelfuego.gov.ar  091316aDERECHO LABORAL 091318aREMUNERACION 096369aPROPINAS 091534aINDEMNIZACION POR DESPIDO0 0271193168dCiudad Autónoma de Buenos Aires : Thomson Reuters La Ley, 1999-2002.tRevista de derecho del trabajo. Nº 1 - Enero 2025 2udccANA